African Capitals with Unique Initial Letter - Statistics

General Stats
  • This quiz has been taken 41 times
  • The average score is 6 of 9
Answer Stats
Capital % Correct
Ouagadougou
86%
Juba
83%
Windhoek
75%
Harare
69%
Freetown
67%
Rabat
67%
Gaborone
61%
Victoria
58%
Sao Tome
53%
No matching quizzes found
Score Distribution
Percent of People with Each Score
Percentile by Number Answered
Your Score History
You have not taken this quiz